| 000 | 01279cam a22003495i 4500 | ||
|---|---|---|---|
| 001 | 16274907 | ||
| 003 | EG-ScBUE | ||
| 005 | 20241007100116.0 | ||
| 008 | 100609t20122012nyua frb 001 0 eng d | ||
| 020 | _a0071316566 | ||
| 020 | _a9780071316569 | ||
| 020 | _a9780077134747 (out USA) | ||
| 040 |
_aDLC _beng _erda _cDLC _dDLC _dEG-ScBUE _dEG-ScBUE |
||
| 082 | 0 | 4 |
_a515 _bSMI _222 |
| 100 | 1 |
_aSmith, Robert T. _q(Robert Thomas), _d1955- _eauthor. _927707 |
|
| 245 | 1 | 0 |
_aCalculus : _pearly transcendental functions / _cRobert T. Smith, Millersville University of Pennsylvania, Roland B. Minton, Roanoke College. |
| 250 | _aFourth edition. | ||
| 250 | _aMcGraw-Hill international edition. | ||
| 264 | 1 |
_aNew York : _b McGraw-Hill, _c[2012] |
|
| 264 | 4 | _cc2012 | |
| 300 |
_a1 volume (various pagings) : _billustrations (color) ; _c28 cm |
||
| 336 |
_atext _btxt _2rdacontent |
||
| 337 |
_aunmediated _bn _2rdamedia |
||
| 338 |
_avolume _bnc _2rdacarrier |
||
| 504 | _aIncludes bibliographical references and index. | ||
| 650 | 7 |
_aCalculus _vTextbooks. _2BUEsh _919913 |
|
| 651 | _2BUEsh | ||
| 653 |
_bBUSADM _cNovember2011 _cOctober2012 _cOctober2016 _cDecember2017 _cAugust2020 |
||
| 655 | _vReading book | ||
| 700 | 1 |
_aMinton, Roland B., _d1956- _eauthor. _927709 |
|
| 942 |
_2ddc _cBB |
||
| 999 |
_c16189 _d16189 |
||